Top 25 jugadores de la historia del fútbol - Estadísticas

Estadísticas generales
  • Esta prueba ha sido intentada 338 veces
  • La puntuación promedio es 15 de 25
Estadísticas de respuestas
Hint Respuesta % Correcto
Top 3 Cristiano Ronaldo
99%
Top 4 Leo Messi
99%
Top 2 Maradona
98%
Top 1 Pele
97%
Top 19 Ronaldinho
84%
Top 12 Zinedine zidane
81%
Top 11 Johan Cruyff
79%
Top 8 Ronaldo Nazario
74%
Top 7 Andres Iniesta
73%
Top 24 Xavi
73%
Top 14 Alfredo Di Stefano
68%
Top 5 Franz Beckenbauer
62%
Top 18 Paolo Maldini
62%
Top 21 Michael platini
50%
Top 13 Gerd Muller
49%
Top 20 Roberto Carlos
48%
Top 17 Van Basten
45%
Top 15 Thierry Henry
40%
Top 22 Kaka
36%
Top 10 Eusebio
34%
Top 9 Roberto Baggio
31%
Top 6 Zico
31%
Top 25 Del Piero
19%
Top 16 Franco baresi
19%
Top 23 George Weah
14%
No se encontraron pruebas coincidentes
Distribución de puntuación
Porcentaje de gente con cada puntuación
Porcentaje por número respondido
Historial de tus puntuaciones
No has intentado esta prueba.